000 00936nam a22003137a 4500
001 BR7604282
003 BR-BrBNA
005 20230928085057.0
007 ta
008 230509b bl.||||| |||| 00| 0 por d
040 _aBR-BrBNA
_bpor
_cBiblioteca Nacional de Agricultura
041 _a(Por)
072 _aE50; E10
_b/G514
090 _ E50 BR7604282
110 1 _aFundacao Centro de Pesquisas Economicas e Sociais do Piaui, Teresina (Brasil)
245 1 _aEstrutura espacial do Piaui, um modelo de politica regional e urbana [Brasil]
_bn. 1
260 3 _aTeresina, PI (Brasil):
_c1976.
300 _a120 p.
500 _a37 tables
650 _aPOLITICA DE DESENVOLVIMENTO
650 _aDESENVOLVIMENTO ECONOMICO
650 _aDESENVOLVIMENTO SOCIAL
650 _aURBANIZACAO
650 _aPOPULACAO RURAL
650 _aPOPULACAO URBANA
650 _aPIAUI
909 _a202309
_bLucia
_c55
_dLucia Elande
942 _cBK
999 _c22689
_d22689